000
00153nam a22000857a 4500
082
_a
823
100
_a
GALILEO GALILIE
245
_a
GERRY BAILEY
942
_c
BK
999
_c
8432
_d
8432